000 01203nam a2200337 i 4500
001 000006492
003 DO-SdBNP
005 20251119090743.0
007 ta
008 090831s1997 dr a 000 0 spa d
040 _aDO-SdBNP
_bspa
_cBNPHU
_erda
041 _aspa
082 _a323
_bA185p
_222
100 1 _aAcosta García, Juan Pablo
_eautor
_917060
245 1 0 _aProcuraduria general de los derechos humanos /
_cJuan Pablo Acosta García ; prólogo José Alberto Cruceta ; edición Héctor B. Guzmán.
264 _aMoca, República Dominicana :
_bDalis,
_c1997.
300 _a328 páginas :
_bilustraciones ;
_c22 cm.
336 _ardacontent
_btexto
_2txt
337 _ardamedia
_bsin mediación
_2n
338 _ardacarrier
_bvolumen
_2nc
500 _aIncluye referencias bibliográficas
500 _aIncluye datos biográficos
590 _aInventariado, 2025/DG
650 4 _aDerecho civiles
_zRepública Dominicana
_917986
650 4 _aDefensores de derechos humanos
_zRepública Dominicana
_917987
650 0 _aDerechos humanos
_9658
700 1 _aCruceta, José Alberto,
_eprólogo
_917988
700 1 _aGuzmán, Héctor B.,
_eedición
_917989
910 _aDG
942 _2ddc
_cLBS1
999 _c6283
_d6283